Podpora predaja v cestovnom ruchu

Bibliographic Details
Main Author: Mešková, Ľudmila, 1948- (Author)
Format: Article
Language:Slovak
PhysicalDescription:Lit. 2 zázn. vo franc. (Pokračovanie.)
Subjects:

MARC

LEADER 00000nab a2200000 a 4500
001 vtls000386689
003 SK-MaSNL
005 20260304023312.0
008 140402c1990 xo 0 slo
015 |a SNBRB19rr/mm-uuuuu 
035 |a CL0386812 
040 |a SNKBUCL  |b slo  |c SNKBUCL  |e AACR2 
041 0 |a slo 
044 |a xo  |c SK 
080 |a 338.48(437):339.138  |2 1981 
080 |a 339.138  |2 1981 
100 1 |a Mešková, Ľudmila,  |d 1948-  |4 aut  |9 45709 
245 1 0 |a Podpora predaja v cestovnom ruchu  |c Ľudmila Mešková 
300 |b Lit. 2 zázn. vo franc. (Pokračovanie.) 
650 0 7 |a ruch cestovný  |2 snkbucl  |9 467000 
650 0 7 |a marketing  |2 snkbucl  |9 2299 
655 7 |a články z novín a časopisov  |2 snkbucl  |9 267496 
773 0 |t Ekonomická revue cestovného ruchu  |g Roč. 23, č. 2 (1990), s. 83-86 
850 |a Slovenská národná knižnica v Martine  |a MTA001 
852 |a SNK  |b KIS3GCP 
958 |a RK 
992 |a RBX 
999 |c 2615613  |d 2617543